[Event "17. Europa ch Juvenil - Femenino s16"]
[Site "Sibenik CRO"]
[Date "2007.09.15"]
[Round "2.8"]
[White "Asgarova, Turan"]
[Black "Korchagina, Viktoria"]
[Result "1/2-1/2"]
[WhiteElo "1989"]
[BlackElo "2152"]
[PlyCount "120"]
[EventDate "2007.09.14"]
[EventType "swiss"]
[EventRounds "9"]
[EventCountry "CRO"]
[Source "lmi"]
[SourceDate "2007.09.14"]

1. e4 c5 2. Nf3 d6 3. c4 e5 4. Nc3 g6 5. Be2 Bg7 6. d3 Ne7 7. O-O O-O 8. a3
Nbc6 9. Nd5 f5 10. Rb1 f4 11. b4 h6 12. Bd2 g5 13. b5 Nb8 14. h3 Nd7 15. Nh2
Nxd5 16. exd5 Nf6 17. Ng4 Bf5 18. Bc3 Bg6 19. Nxf6+ Bxf6 20. Bf3 Qe8 21. Be4 h5
22. Qf3 Kg7 23. a4 Bxe4 24. Qxe4 g4 25. hxg4 hxg4 26. Qf5 Qg6 27. Qxg6+ Kxg6
28. f3 Rh8 29. fxg4 Rh4 30. Rf3 Rah8 31. Kf2 Rxg4 32. Rg1 Bh4+ 33. Ke2 Bg3 34.
Kf1 Kf5 35. a5 Rh7 36. Bb2 Rgh4 37. Ke2 a6 38. b6 Rh2 39. Bc1 Re7 40. Bb2 e4
41. dxe4+ Rxe4+ 42. Kd3 Re1 43. Rxe1 Bxe1 44. Bc1 Rh4 45. Bd2 Bxd2 46. Kxd2 Rg4
47. Rf2 Ke4 48. Kc3 Rg3+ 49. Kc2 Ra3 50. Rf1 Ra2+ 51. Kc3 Re2 52. Rh1 Re3+ 53.
Kd2 Kd4 54. Rh7 Kxc4 55. Rxb7 Kxd5 56. Ra7 c4 57. Rxa6 Kc6 58. Ra7 Rb3 59. Rc7+
Kb5 60. Ra7 Kc6 1/2-1/2

[Event "17. Europa ch Juvenil - Femenino s16"]
[Site "Sibenik CRO"]
[Date "2007.09.15"]
[Round "2.9"]
[White "Ni, Viktorija"]
[Black "Golek, Jagoda"]
[Result "1-0"]
[WhiteElo "2147"]
[BlackElo "1990"]
[PlyCount "75"]
[EventDate "2007.09.14"]
[EventType "swiss"]
[EventRounds "9"]
[EventCountry "CRO"]
[Source "lmi"]
[SourceDate "2007.09.14"]

1. d4 f5 2. Nf3 Nf6 3. c4 e6 4. Nc3 d5 5. Bf4 Bd6 6. Ne5 c6 7. e3 Qe7 8. h3
Nbd7 9. Qc2 Ne4 10. O-O-O Nxe5 11. dxe5 Bc7 12. f3 Nxc3 13. Qxc3 Bb6 14. h4 Bd7
15. Kb1 O-O 16. g4 fxg4 17. fxg4 Be8 18. Bd3 Kh8 19. Rhf1 Bf7 20. Ka1 Rae8 21.
h5 Bg8 22. g5 Bc7 23. g6 h6 24. Rg1 d4 25. Qxd4 Bb6 26. Qe4 Rf5 27. Qf3 Rd8 28.
Bxf5 Rxd1+ 29. Qxd1 exf5 30. Qd3 Be6 31. Rc1 Bc7 32. Qc3 a5 33. Qd4 b6 34. Qd2
Qh4 35. Qg2 Qe7 36. Qxc6 Kg8 37. Rd1 Kf8 38. Bg3 1-0

[Event "17. Europa ch Juvenil - Femenino s16"]
[Site "Sibenik CRO"]
[Date "2007.09.15"]
[Round "2.11"]
[White "Tsirulnik, Maritsa"]
[Black "Forgues, Valerie"]
[Result "1/2-1/2"]
[WhiteElo "2095"]
[BlackElo "1983"]
[PlyCount "120"]
[EventDate "2007.09.14"]
[EventType "swiss"]
[EventRounds "9"]
[EventCountry "CRO"]
[Source "lmi"]
[SourceDate "2007.09.14"]

1. e4 e5 2. Nf3 Nc6 3. Bb5 a6 4. Ba4 Nf6 5. O-O Be7 6. Re1 b5 7. Bb3 O-O 8. d4
d6 9. c3 Bg4 10. d5 Nb8 11. a4 Nbd7 12. axb5 axb5 13. Rxa8 Qxa8 14. Na3 Rb8 15.
Bd2 Nc5 16. Bc2 Na6 17. Re3 b4 18. cxb4 Nxb4 19. Rb3 Na6 20. Rxb8+ Qxb8 21. Bc3
Nc5 22. Qe2 Bd7 23. Nd2 c6 24. b4 Nb7 25. dxc6 Bxc6 26. Qc4 Bd7 27. Bd3 Bd8 28.
Nc2 Bb6 29. Qa6 Qa7 30. Qxa7 Bxa7 31. Kf1 Kf8 32. Ke2 Ke7 33. f3 Nh5 34. g3 Bg1
35. Nf1 Bh3 36. Nce3 Kd7 37. Be1 Nd8 38. Bb5+ Kc8 39. Nd5 Ne6 40. Bf2 Bxf2 41.
Kxf2 Nd4 42. Ba6+ Kb8 43. Nfe3 Bc8 44. Bxc8 Kxc8 45. g4 Nf4 46. Nxf4 exf4 47.
Nf5 Nxf5 48. gxf5 Kb7 49. Kg2 Kc6 50. Kh3 d5 51. exd5+ Kxd5 52. Kg4 Kc4 53.
Kxf4 Kxb4 54. f6 gxf6 55. Kf5 Kc5 56. h4 Kd4 57. h5 Ke3 58. h6 Kxf3 59. Kxf6
Kg4 60. Kxf7 Kf5 1/2-1/2

[Event "17. Europa ch Juvenil - Femenino s16"]
[Site "Sibenik CRO"]
[Date "2007.09.15"]
[Round "2.12"]
[White "Babei, Angelica"]
[Black "Grigorian, Marine"]
[Result "1-0"]
[WhiteElo "1964"]
[BlackElo "2087"]
[PlyCount "75"]
[EventDate "2007.09.14"]
[EventType "swiss"]
[EventRounds "9"]
[EventCountry "CRO"]
[Source "lmi"]
[SourceDate "2007.09.14"]

1. e4 c5 2. d3 Nc6 3. f4 g6 4. Nf3 Bg7 5. g3 d6 6. Bg2 Nf6 7. O-O O-O 8. Nc3
Rb8 9. h3 b5 10. Be3 b4 11. Ne2 Nd7 12. d4 cxd4 13. Nexd4 Bb7 14. Nxc6 Bxc6 15.
Nd4 Bb7 16. Bf2 Nc5 17. Re1 Qd7 18. Qd2 Rfc8 19. a3 a5 20. axb4 axb4 21. Ra5
Ba8 22. Qe2 Ne6 23. Nb5 Qd8 24. Ra2 Nc5 25. Na7 Rc7 26. Nb5 Rcc8 27. Na7 Rc7
28. Nb5 Rd7 29. Nd4 e5 30. Nb3 Nxb3 31. cxb3 d5 32. Rea1 exf4 33. gxf4 dxe4 34.
Be3 f5 35. Ra7 Bd4 36. Qc4+ Kf8 37. Bxd4 Rc8 38. Qxb4+ 1-0

[Event "17. Europa ch Juvenil - Femenino s16"]
[Site "Sibenik CRO"]
[Date "2007.09.15"]
[Round "2.13"]
[White "Hitter, Gabriela"]
[Black "Mnatsakanyan, Diana"]
[Result "1/2-1/2"]
[WhiteElo "2083"]
[BlackElo "1970"]
[PlyCount "84"]
[EventDate "2007.09.14"]
[EventType "swiss"]
[EventRounds "9"]
[EventCountry "CRO"]
[Source "lmi"]
[SourceDate "2007.09.14"]

1. e4 e6 2. d4 d5 3. exd5 exd5 4. Nf3 Nf6 5. c4 Bb4+ 6. Nc3 O-O 7. h3 Be6 8. c5
b6 9. cxb6 axb6 10. Bg5 h6 11. Bf4 c5 12. Qb3 Nc6 13. Bb5 Na7 14. Be2 Re8 15.
Be3 Qe7 16. O-O Nc8 17. Bb5 c4 18. Qc2 Bd7 19. Bxd7 Qxd7 20. Ne5 Qe6 21. Ne2 b5
22. Nf4 Qb6 23. Qe2 Nd6 24. Qf3 Qb7 25. Ng4 Nde4 26. Nxf6+ Nxf6 27. a3 Bd6 28.
Ne2 Qe7 29. Nc3 b4 30. axb4 Qe6 31. b5 Rxa1 32. Rxa1 Rb8 33. Ra6 Ne4 34. Bf4
Nxc3 35. Qxc3 Rd8 36. Qa5 Qe7 37. Bxd6 Rxd6 38. Rxd6 Qxd6 39. Qa8+ Kh7 40. Qc6
Qf4 41. Qxd5 Qc1+ 42. Kh2 Qf4+ 1/2-1/2

[Event "17. Europa ch Juvenil - Femenino s16"]
[Site "Sibenik CRO"]
[Date "2007.09.15"]
[Round "2.14"]
[White "Zeevi, Neta"]
[Black "Agrest, Inna"]
[Result "0-1"]
[WhiteElo "1719"]
[BlackElo "2077"]
[PlyCount "92"]
[EventDate "2007.09.14"]
[EventType "swiss"]
[EventRounds "9"]
[EventCountry "CRO"]
[Source "lmi"]
[SourceDate "2007.09.14"]

1. e4 e5 2. Nf3 Nc6 3. Bb5 a6 4. Ba4 Nf6 5. d3 b5 6. Bb3 Bc5 7. a4 Rb8 8. axb5
axb5 9. O-O d6 10. h3 Be6 11. Nbd2 O-O 12. c3 h6 13. Re1 Bb6 14. Nf1 b4 15. Ba4
Ne7 16. cxb4 Ng6 17. Ng3 d5 18. Bc6 Qd6 19. b5 Rfd8 20. Nf5 Qf8 21. Qc2 dxe4
22. dxe4 Nd7 23. Bd2 f6 24. Ba5 Nf4 25. Red1 Qf7 26. Qd2 Kh7 27. Bxb6 Nxb6 28.
Qxd8 Rxd8 29. Rxd8 Bxf5 30. exf5 h5 31. Nh4 Qc4 32. g3 Nxh3+ 33. Kg2 Qg4 34.
Bf3 Nf4+ 35. Kf1 Qh3+ 36. Kg1 e4 37. Ng6 Qxf5 38. Ne7 Nh3+ 39. Kh2 Qxf3 40.
Kxh3 Qxf2 41. Rad1 e3 42. Rf8 e2 43. Rdd8 Qxg3+ 44. Kxg3 e1=Q+ 45. Kf4 Qxe7 46.
Rfe8 Qb4+ 0-1

[Event "17. Europa ch Juvenil - Femenino s16"]
[Site "Sibenik CRO"]
[Date "2007.09.15"]
[Round "2.16"]
[White "Batkovskyte, Dominyka"]
[Black "Tsatsalashvili, Keti"]
[Result "0-1"]
[WhiteElo "1924"]
[BlackElo "2181"]
[PlyCount "148"]
[EventDate "2007.09.14"]
[EventType "swiss"]
[EventRounds "9"]
[EventCountry "CRO"]
[Source "lmi"]
[SourceDate "2007.09.14"]

1. d4 d5 2. c4 e6 3. Nc3 Bb4 4. e3 Nf6 5. Nf3 O-O 6. Bd3 c5 7. O-O cxd4 8. exd4
dxc4 9. Bxc4 a6 10. Bg5 b5 11. Be2 Be7 12. Bxf6 Bxf6 13. Ne4 Be7 14. Nc5 Qb6
15. Rc1 Nd7 16. b4 Rd8 17. Qb3 Bb7 18. Rfd1 Bd5 19. Qb2 Bf6 20. Qc2 Qa7 21. a4
Qb8 22. h3 g6 23. Nh2 Bg7 24. Ng4 Ra7 25. Ne3 Nf6 26. Qd3 Nh5 27. Nxd5 Rxd5 28.
Qe3 Nf4 29. Bf3 Rd8 30. Bc6 Bxd4 31. Rxd4 Rxd4 32. g3 Nxh3+ 33. Kg2 e5 34. Kxh3
Qc8+ 35. Kh2 Qxc6 36. Qxe5 Qd6 37. Qe8+ Kg7 38. axb5 axb5 39. Qxb5 Rd5 40. Qe2
Rh5+ 41. Kg1 Qd5 42. Qe4 Qxe4 43. Nxe4 Rb5 44. Rc4 Rab7 45. Rc8 Rxb4 46. Nd6
Ra7 47. Kg2 Rba4 48. Ne8+ Kh6 49. Nf6 Ra8 50. Rc7 Kg7 51. Nd5 R4a7 52. Rc6 Ra2
53. Nc7 Rb8 54. Rc4 h5 55. Nd5 Rb7 56. Ne3 Rb6 57. Nd5 Rd6 58. Rc5 Rd2 59. Nf4
Rf6 60. Rc8 Kh7 61. Rc5 Kh6 62. Rc8 Ra6 63. Rc7 g5 64. Nh3 g4 65. Nf4 Raa2 66.
Rc6+ Kh7 67. Nxh5 Rxf2+ 68. Kg1 Rg2+ 69. Kf1 Rh2 70. Nf6+ Kg7 71. Kg1 Rhg2+ 72.
Kh1 Rgb2 73. Nh5+ Kf8 74. Rc8+ Ke7 0-1

[Event "17. Europa ch Juvenil - Femenino s16"]
[Site "Sibenik CRO"]
[Date "2007.09.15"]
[Round "2.17"]
[White "Deur, Zrinka"]
[Black "Kulon, Klaudia"]
[Result "1-0"]
[WhiteElo "1943"]
[BlackElo "2170"]
[PlyCount "119"]
[EventDate "2007.09.14"]
[EventType "swiss"]
[EventRounds "9"]
[EventCountry "CRO"]
[Source "lmi"]
[SourceDate "2007.09.14"]

1. e4 e5 2. Nf3 Nc6 3. Bb5 a6 4. Ba4 Nf6 5. O-O b5 6. Bb3 Be7 7. Re1 d6 8. c3
O-O 9. h3 Na5 10. Bc2 c5 11. d4 Qc7 12. d5 Bd7 13. Nbd2 Rfc8 14. Nf1 c4 15. Ng3
g6 16. Be3 Nb7 17. Rc1 a5 18. Nh2 Nc5 19. Bb1 Na4 20. Qe2 Rab8 21. Rc2 b4 22.
cxb4 Rxb4 23. b3 Qb7 24. Bd2 c3 25. Bg5 Nxd5 26. Bxe7 Nxe7 27. Rcc1 Nc5 28.
Rxc3 a4 29. Qd1 axb3 30. Qxd6 Na4 31. Rxb3 Nc6 32. Nf3 Be6 33. Rxb4 Qxb4 34.
Qxb4 Nxb4 35. a3 Nc6 36. Rc1 Nb2 37. Nf1 Nc4 38. Ba2 Nd4 39. Nxd4 exd4 40. Bxc4
Rxc4 41. Rxc4 Bxc4 42. Nd2 Bb5 43. f4 Kf8 44. Kf2 Ke7 45. Nf3 d3 46. Ke3 Kd6
47. Ne1 d2 48. Kxd2 f5 49. exf5 gxf5 50. Ke3 Kc5 51. Nf3 Bf1 52. Kf2 Bd3 53. g4
fxg4 54. hxg4 Kd5 55. Ke3 Ba6 56. Ng5 h6 57. Nf7 h5 58. gxh5 Ke6 59. Ng5+ Kf6
60. h6 1-0

[Event "17. Europa ch Juvenil - Femenino s16"]
[Site "Sibenik CRO"]
[Date "2007.09.15"]
[Round "2.18"]
[White "Ildzhirinova, Saglara"]
[Black "Thorsteinsdottir, Hallgerdur"]
[Result "1-0"]
[WhiteElo "2106"]
[BlackElo "1808"]
[PlyCount "93"]
[EventDate "2007.09.14"]
[EventType "swiss"]
[EventRounds "9"]
[EventCountry "CRO"]
[Source "lmi"]
[SourceDate "2007.09.14"]

1. e4 c6 2. d4 d5 3. Nc3 dxe4 4. Nxe4 Bf5 5. Ng3 Bg6 6. h4 h6 7. Nf3 Nd7 8. h5
Bh7 9. Bd3 Bxd3 10. Qxd3 e6 11. Bd2 Ngf6 12. O-O-O Be7 13. Ne4 Nxe4 14. Qxe4
Nf6 15. Qe2 Qd5 16. c4 Qe4 17. Be3 O-O 18. Nd2 Qf5 19. Nb3 b5 20. Nd2 Rfc8 21.
Qf3 Qxf3 22. Nxf3 Ng4 23. Kb1 a5 24. Rc1 a4 25. Ne5 Nxe5 26. dxe5 b4 27. Rhd1
Rd8 28. Bb6 Rdb8 29. c5 Bd8 30. Bxd8 Rxd8 31. Rd6 Rdc8 32. Rc4 b3 33. a3 Ra5
34. Kc1 Kf8 35. Kd2 Ke7 36. Ke3 f6 37. Rg4 g5 38. exf6+ Kxf6 39. Kd4 Kf5 40.
Re4 Re8 41. g4+ Kf6 42. Rxc6 Ra7 43. Rd6 Rc7 44. c6 Ree7 45. Kc5 Ra7 46. Kb6
Kf7 47. Rexe6 1-0

[Event "17. Europa ch Juvenil - Femenino s16"]
[Site "Sibenik CRO"]
[Date "2007.09.15"]
[Round "2.19"]
[White "Dincel, Melodi"]
[Black "Guadamuro Torrente, Anabel"]
[Result "0-1"]
[WhiteElo "1794"]
[BlackElo "2095"]
[PlyCount "74"]
[EventDate "2007.09.14"]
[EventType "swiss"]
[EventRounds "9"]
[EventCountry "CRO"]
[Source "lmi"]
[SourceDate "2007.09.14"]

1. c4 e6 2. Nc3 d5 3. cxd5 exd5 4. d4 c6 5. Bf4 Bf5 6. e3 Qb6 7. Bd3 Qxb2 8.
Bxf5 Qxc3+ 9. Kf1 Ne7 10. Ne2 Qa3 11. Bh3 Nd7 12. Nc1 Nf6 13. Nd3 Ng6 14. Ne5
Nxf4 15. exf4 Bd6 16. g3 O-O 17. Kg2 Ne4 18. Qc2 Bxe5 19. fxe5 Ng5 20. Qb3 Qxb3
21. axb3 Ne4 22. f4 f5 23. b4 h6 24. Rhf1 Nd2 25. Rf2 Nc4 26. Kh1 a5 27. Rfa2
b6 28. Bf1 Rfd8 29. Bxc4 dxc4 30. bxa5 b5 31. a6 Rxd4 32. a7 c3 33. Kg2 b4 34.
Ra6 c2 35. Rxc6 Rd1 36. Rb6 Rxa1 37. Rb8+ Kh7 0-1

[Event "17. Europa ch Juvenil - Femenino s16"]
[Site "Sibenik CRO"]
[Date "2007.09.15"]
[Round "2.20"]
[White "Bragina, Anastasia"]
[Black "Orehek, Spela"]
[Result "0-1"]
[WhiteElo "2059"]
[BlackElo "1847"]
[PlyCount "106"]
[EventDate "2007.09.14"]
[EventType "swiss"]
[EventRounds "9"]
[EventCountry "CRO"]
[Source "lmi"]
[SourceDate "2007.09.14"]

1. e4 e5 2. Nf3 Nf6 3. Nxe5 d6 4. Nf3 Nxe4 5. Nc3 Nxc3 6. dxc3 Be7 7. Bf4 Nd7
8. Qd2 Nc5 9. O-O-O Be6 10. Kb1 Qd7 11. Be3 Ne4 12. Qd4 Nf6 13. Qb4 c5 14. Qa5
b6 15. Qb5 O-O 16. Qxd7 Bxd7 17. Bc4 b5 18. Bd3 a5 19. Bg5 b4 20. Rhe1 Be6 21.
c4 a4 22. Nd2 Rfb8 23. h3 Rb6 24. f4 h6 25. Bh4 d5 26. f5 dxc4 27. Nxc4 Bxc4
28. Bxc4 Ra7 29. Bg3 Rab7 30. Re2 Kf8 31. Bf2 Rc7 32. Rde1 Bd6 33. Rd1 a3 34.
Bb3 Ra6 35. Bc4 Rb6 36. b3 Re7 37. Red2 Ne4 38. c3 Nxc3+ 39. Kc2 Nxd1 40. Rxd1
Rc6 41. Bb5 Rb6 42. Bg3 Bc7 43. Ba4 Rb8 44. Bxc7 Rxc7 45. Rd5 Ke7 46. g4 Rd8
47. Re5+ Kf6 48. Re4 Re7 49. Rc4 Re2+ 50. Kc1 Rdd2 51. Bc6 Rxa2 52. Kd1 Rad2+
53. Kc1 a2 0-1

[Event "17. Europa ch Juvenil - Femenino s16"]
[Site "Sibenik CRO"]
[Date "2007.09.15"]
[Round "2.21"]
[White "Mijatovic, Andrea"]
[Black "Gvilava, Maya"]
[Result "1/2-1/2"]
[WhiteElo "1844"]
[BlackElo "2046"]
[PlyCount "115"]
[EventDate "2007.09.14"]
[EventType "swiss"]
[EventRounds "9"]
[EventCountry "CRO"]
[Source "lmi"]
[SourceDate "2007.09.14"]

1. e4 c5 2. Nf3 Nc6 3. d4 cxd4 4. Nxd4 Nf6 5. Nc3 d6 6. f3 e5 7. Nb3 Be7 8. Be3
O-O 9. Qd2 a6 10. g4 b5 11. O-O-O Na5 12. g5 Nxb3+ 13. axb3 Ne8 14. Nd5 Rb8 15.
h4 b4 16. h5 a5 17. Qg2 Kh8 18. g6 h6 19. gxf7 Rxf7 20. Bc4 Be6 21. Rdg1 Bg5
22. Bxg5 Qxg5+ 23. Qxg5 hxg5 24. h6 Kg8 25. Rxg5 Rxf3 26. Ne7+ Kf7 27. Bxe6+
Kxe6 28. Nc6 Rc8 29. h7 Nf6 30. Rxg7 Nxh7 31. Re7+ Kf6 32. Rhxh7 Kg5 33. Reg7+
Kf4 34. Nxa5 Rf1+ 35. Kd2 Rf2+ 36. Kd3 Rf3+ 37. Kd2 Rf2+ 38. Ke1 Rfxc2 39. Rh4+
Ke3 40. Nc4+ Kd3 41. Rd7 Rc1+ 42. Kf2 Rf8+ 43. Kg3 Rg8+ 44. Kh2 Kc2 45. Rxd6
Kxb3 46. Nxe5 Rc2+ 47. Kh3 Kxb2 48. Nd3+ Kc3 49. Rh7 Rc8 50. e5 b3 51. e6 Re2
52. Rhd7 Rc4 53. e7 Re3+ 54. Kg2 Rce4 55. Rc6+ Rc4 56. Rxc4+ Kxc4 57. Nb2+ Kc5
58. Kf2 1/2-1/2

[Event "17. Europa ch Juvenil - Femenino s16"]
[Site "Sibenik CRO"]
[Date "2007.09.16"]
[Round "3.1"]
[White "Ni, Viktorija"]
[Black "Muzychuk, Mariya"]
[Result "0-1"]
[WhiteElo "2147"]
[BlackElo "2330"]
[PlyCount "88"]
[EventDate "2007.09.14"]
[EventType "swiss"]
[EventRounds "9"]
[EventCountry "CRO"]
[Source "lmi"]
[SourceDate "2007.09.14"]

1. d4 Nf6 2. Nf3 c5 3. e3 e6 4. c4 b6 5. Nc3 Bb7 6. Bd3 Be7 7. O-O O-O 8. Qe2
d5 9. Rd1 Nc6 10. Ne5 cxd4 11. Nxc6 Bxc6 12. exd4 dxc4 13. Bxc4 Nd5 14. Be3 Qd7
15. Rac1 Rac8 16. Nxd5 Bxd5 17. Qd3 Bxc4 18. Rxc4 Rxc4 19. Qxc4 Rc8 20. Qb3 h6
21. h3 Bf6 22. Rd3 Rd8 23. Rd2 Qb7 24. Qd1 Qe4 25. Kh2 Rd5 26. Qg4 Qxg4 27.
hxg4 e5 28. dxe5 Bxe5+ 29. f4 Rxd2 30. Bxd2 Bxb2 31. Kg3 Kf8 32. Kf3 Ke7 33.
Ke4 Kd6 34. Bb4+ Kc6 35. Bf8 a5 36. a4 b5 37. axb5+ Kxb5 38. Kd3 a4 39. Kc2 a3
40. Kb3 Kc6 41. g5 h5 42. g3 g6 43. Bb4 Kd5 44. Ba5 Ke4 0-1

[Event "17. Europa ch Juvenil - Femenino s16"]
[Site "Sibenik CRO"]
[Date "2007.09.16"]
[Round "3.2"]
[White "Warakomska, Anna"]
[Black "Khazhomia, Salome"]
[Result "1/2-1/2"]
[WhiteElo "2133"]
[BlackElo "2175"]
[PlyCount "81"]
[EventDate "2007.09.14"]
[EventType "swiss"]
[EventRounds "9"]
[EventCountry "CRO"]
[Source "lmi"]
[SourceDate "2007.09.14"]

1. e4 e6 2. d4 d5 3. Nd2 Nf6 4. e5 Nfd7 5. c3 c5 6. Bd3 Nc6 7. Ne2 Qb6 8. Nf3
cxd4 9. cxd4 f6 10. exf6 Nxf6 11. O-O Bd6 12. Rb1 a5 13. Bf4 Bxf4 14. Nxf4 O-O
15. a3 Ne4 16. Ne2 Nd6 17. Ng3 g6 18. Bc2 Nb5 19. Ne2 Bd7 20. Qd3 Rac8 21. Rfd1
Kg7 22. Ba4 Nd6 23. b4 axb4 24. Bxc6 Bxc6 25. Rxb4 Qd8 26. Ne5 Qf6 27. f3 Nc4
28. Qc3 Nd6 29. Qb2 Qg5 30. Qd2 Qxd2 31. Rxd2 Bb5 32. a4 Bxe2 33. Rxe2 Rc1+ 34.
Kf2 Ne4+ 35. Ke3 Nd6 36. Nd3 Rc4 37. Kd2 Rxb4 38. Nxb4 Kf6 39. Nd3 b6 40. Ne5
Ke7 41. Kd3 1/2-1/2

[Event "17. Europa ch Juvenil - Femenino s16"]
[Site "Sibenik CRO"]
[Date "2007.09.16"]
[Round "3.3"]
[White "Agrest, Inna"]
[Black "Shlakich, Anna"]
[Result "1-0"]
[WhiteElo "2077"]
[BlackElo "2169"]
[PlyCount "53"]
[EventDate "2007.09.14"]
[EventType "swiss"]
[EventRounds "9"]
[EventCountry "CRO"]
[Source "lmi"]
[SourceDate "2007.09.14"]

1. e4 c5 2. Nf3 d6 3. d4 cxd4 4. Nxd4 Nf6 5. Nc3 g6 6. Be3 Bg7 7. f3 Nc6 8. Qd2
O-O 9. Bc4 Bd7 10. Bb3 Na5 11. g4 Nxb3 12. axb3 a6 13. h4 h5 14. Bh6 b5 15.
O-O-O b4 16. Nd5 e5 17. Nxf6+ Bxf6 18. Bxf8 exd4 19. Bxd6 Bxg4 20. fxg4 Qxd6
21. gxh5 a5 22. hxg6 a4 23. Qh6 fxg6 24. Qxg6+ Kf8 25. Rhf1 Ke7 26. e5 Qxe5 27.
Rde1 1-0

[Event "17. Europa ch Juvenil - Femenino s16"]
[Site "Sibenik CRO"]
[Date "2007.09.16"]
[Round "3.4"]
[White "Ozturk, Kubra"]
[Black "Homiakova, Elena"]
[Result "1-0"]
[WhiteElo "2167"]
[BlackElo "2012"]
[PlyCount "63"]
[EventDate "2007.09.14"]
[EventType "swiss"]
[EventRounds "9"]
[EventCountry "CRO"]
[Source "lmi"]
[SourceDate "2007.09.14"]

1. d4 Nf6 2. c4 c5 3. Nf3 g6 4. g3 Bg7 5. Bg2 O-O 6. O-O cxd4 7. Nxd4 Nc6 8.
Nc3 Qa5 9. Nc2 d6 10. Qd2 Be6 11. b3 Ng4 12. Bb2 Bh6 13. e3 Qh5 14. h3 Nge5 15.
Qd1 Qxd1 16. Raxd1 f5 17. Nd4 Bf7 18. Nd5 Rae8 19. Nc7 Rc8 20. Nde6 Bxe6 21.
Nxe6 Rfe8 22. Bd5 Nf7 23. g4 fxg4 24. hxg4 b6 25. a3 Ncd8 26. Kg2 Nxe6 27. Bxe6
Rc5 28. Rh1 Bg5 29. b4 Rc7 30. Rxh7 Bf6 31. Bxf7+ Kxh7 32. Bxf6 1-0

[Event "17. Europa ch Juvenil - Femenino s16"]
[Site "Sibenik CRO"]
[Date "2007.09.16"]
[Round "3.5"]
[White "Paulauskaite, Gintare"]
[Black "Havlikova, Kristyna"]
[Result "1-0"]
[WhiteElo "2015"]
[BlackElo "2164"]
[PlyCount "57"]
[EventDate "2007.09.14"]
[EventType "swiss"]
[EventRounds "9"]
[EventCountry "CRO"]
[Source "lmi"]
[SourceDate "2007.09.14"]

1. e4 c5 2. Nf3 Nc6 3. d3 g6 4. g3 Bg7 5. Bg2 d6 6. O-O e5 7. Nbd2 Nge7 8. c3
O-O 9. a4 h6 10. Rb1 a5 11. Nc4 Be6 12. Nfd2 d5 13. Na3 f5 14. f4 exf4 15. gxf4
d4 16. Ndc4 Rb8 17. e5 Nd5 18. Nb5 Nc7 19. Ncd6 Qd7 20. Qe2 Rfd8 21. Qf2 Bf8
22. Bd2 Nxb5 23. axb5 Na7 24. cxd4 Bxd6 25. exd6 cxd4 26. Qxd4 Nxb5 27. Qf6 Qf7
28. Qe5 Bd7 29. Bd5 1-0

[Event "17. Europa ch Juvenil - Femenino s16"]
[Site "Sibenik CRO"]
[Date "2007.09.16"]
[Round "3.7"]
[White "Korchagina, Viktoria"]
[Black "Deur, Zrinka"]
[Result "1-0"]
[WhiteElo "2152"]
[BlackElo "1943"]
[PlyCount "101"]
[EventDate "2007.09.14"]
[EventType "swiss"]
[EventRounds "9"]
[EventCountry "CRO"]
[Source "lmi"]
[SourceDate "2007.09.14"]

1. e4 c5 2. Nf3 Nc6 3. d4 cxd4 4. Nxd4 Nf6 5. Nc3 e5 6. Ndb5 d6 7. Bg5 a6 8.
Na3 b5 9. Bxf6 gxf6 10. Nd5 Bg7 11. c3 f5 12. exf5 Bxf5 13. Nc2 Be6 14. Nce3
O-O 15. Bd3 f5 16. Bc2 Ne7 17. Nxe7+ Qxe7 18. Bxf5 Bxf5 19. Nxf5 Qf7 20. Qd5
Ra7 21. Qxf7+ Raxf7 22. g4 d5 23. O-O-O Rd8 24. Rhe1 Kf8 25. Nxg7 Kxg7 26. Rxe5
Rxf2 27. Rg5+ Kf7 28. Rdxd5 Rxd5 29. Rxd5 Rxh2 30. Rh5 Rg2 31. Rxh7+ Kf6 32.
Rh6+ Ke7 33. Rxa6 Rxg4 34. Kc2 Kd7 35. Kb3 Kc7 36. a4 bxa4+ 37. Rxa4 Rg2 38.
Ra6 Kb7 39. Rf6 Rh2 40. Ka3 Rh3 41. Kb4 Rh4+ 42. c4 Rh2 43. b3 Rh5 44. c5 Kc7
45. Kb5 Rh8 46. Rf7+ Kc8 47. b4 Rh6 48. c6 Rh4 49. Ka5 Rc4 50. b5 Rd4 51. Kb6
1-0

[Event "17. Europa ch Juvenil - Femenino s16"]
[Site "Sibenik CRO"]
[Date "2007.09.16"]
[Round "3.8"]
[White "Forgues, Valerie"]
[Black "Ildzhirinova, Saglara"]
[Result "1/2-1/2"]
[WhiteElo "1983"]
[BlackElo "2106"]
[PlyCount "135"]
[EventDate "2007.09.14"]
[EventType "swiss"]
[EventRounds "9"]
[EventCountry "CRO"]
[Source "lmi"]
[SourceDate "2007.09.14"]

1. e4 c5 2. Nf3 d6 3. d4 cxd4 4. Nxd4 Nf6 5. Nc3 a6 6. Be3 e5 7. Nb3 Be6 8. Be2
Be7 9. O-O O-O 10. Qd2 Nbd7 11. a4 Rc8 12. a5 Qc7 13. Bf3 Rfd8 14. Rfc1 Nc5 15.
Nxc5 dxc5 16. Qe1 h6 17. Na4 Qc6 18. c4 Nd7 19. b3 Rb8 20. Nc3 Kh8 21. Qe2 Rbc8
22. Bg4 Nf6 23. Bxe6 fxe6 24. f3 Nh7 25. Rd1 Qc7 26. Bf2 Rxd1+ 27. Nxd1 Rd8 28.
Nb2 Nf8 29. Be1 Nd7 30. Rd1 Nb8 31. Rxd8+ Qxd8 32. Qd3 Qc7 33. Na4 Nc6 34. Nb6
Nd4 35. Bd2 Qc6 36. g3 Bd8 37. Na4 Bc7 38. Kg2 Qd6 39. Be1 Kg8 40. Nb2 Qd8 41.
Qc3 Nc6 42. Qd3 Bxa5 43. Qxd8+ Bxd8 44. Na4 b6 45. Nb2 Nd4 46. Nd3 Bc7 47. b4
Nc2 48. bxc5 Nxe1+ 49. Nxe1 bxc5 50. Nd3 Bd6 51. Kf2 Kf7 52. g4 Ke7 53. Ke2 Kd7
54. Kd2 Kc6 55. Kc3 Bc7 56. h4 Ba5+ 57. Kb3 Kd6 58. Ka4 Bd2 59. h5 Bc3 60. Kb3
Ba5 61. Ka4 Bd8 62. Kb3 Bc7 63. Ka4 Bb6 64. Kb3 Ba5 65. Ka4 Bd2 66. Kb3 Be3 67.
Ka4 Bd2 68. Kb3 1/2-1/2

[Event "17. Europa ch Juvenil - Femenino s16"]
[Site "Sibenik CRO"]
[Date "2007.09.16"]
[Round "3.10"]
[White "Mnatsakanyan, Diana"]
[Black "Tsirulnik, Maritsa"]
[Result "1-0"]
[WhiteElo "1970"]
[BlackElo "2095"]
[PlyCount "157"]
[EventDate "2007.09.14"]
[EventType "swiss"]
[EventRounds "9"]
[EventCountry "CRO"]
[Source "lmi"]
[SourceDate "2007.09.14"]

1. e4 c5 2. Nf3 e6 3. d3 Nc6 4. g3 d5 5. Qe2 Nge7 6. Bg2 g6 7. O-O Bg7 8. exd5
exd5 9. c4 O-O 10. Bf4 Re8 11. Nc3 dxc4 12. dxc4 Nf5 13. Qc2 Nfd4 14. Qd2 Nxf3+
15. Bxf3 Be6 16. Nd5 Nd4 17. Bg2 Bxd5 18. cxd5 Re2 19. Qd3 Rxb2 20. Rfb1 Ne2+
21. Kf1 Nxf4 22. gxf4 Rb8 23. Rxb2 Bxb2 24. Rb1 Bd4 25. Qg3 Qd6 26. Kg1 b5 27.
Qg4 b4 28. f5 Be5 29. h4 Qd7 30. Be4 Rb6 31. h5 Kf8 32. Rd1 gxh5 33. Qxh5 Bg7
34. Kg2 Rh6 35. Qg5 Qd6 36. f4 Qe7 37. Bf3 Ra6 38. Rd2 Qxg5+ 39. fxg5 Bd4 40.
Rc2 Be3 41. Be2 Ra3 42. d6 Bxg5 43. Rxc5 Rxa2 44. Kf3 b3 45. Bc4 Ra3 46. Kg4 h6
47. Rc8+ Kg7 48. Rc7 Kf6 49. Bxf7 b2 50. d7 Rd3 51. Ba2 a5 52. Rb7 Rd4+ 53. Kf3
Bc1 54. Be6 Rd3+ 55. Ke4 Rd1 56. Rb8 Kg7 57. Rg8+ Kh7 58. Rb8 Kg7 59. Rg8+ Kh7
60. Rb8 Re1+ 61. Kd5 Rd1+ 62. Kc6 Kg7 63. Bd5 Bg5 64. Rxb2 Rc1+ 65. Kd6 Bf4+
66. Ke7 Bg5+ 67. Ke8 Rd1 68. Be6 Rd4 69. Rb7 Kh8 70. Kf7 Rf4 71. Kg6 Bd8 72.
Rb8 Rg4+ 73. Kf7 Rg7+ 74. Ke8 Bg5 75. d8=Q Bxd8 76. Rxd8 Rg1 77. f6 Rf1 78.
Ke7+ Kh7 79. f7 1-0